Normal view
MARC view
Entry Personal Name
001 - CONTROL NUMBER
- control field: 997
003 - CONTROL NUMBER IDENTIFIER
- control field: OSt
005 - DATE AND TIME OF LATEST TRANSACTION
- control field: 20110412133312.0
008 - FIXED-LENGTH DATA ELEMENTS
- fixed length control field: 110412|||a|||||| | ||| d
040 ## - CATALOGING SOURCE
- Original cataloging agency: OSt
- Transcribing agency: OSt
100 ## - HEADING--PERSONAL NAME
- Personal name: Odoki, B. J.
- Fuller form of name: (Ben J.)
670 ## - SOURCE DATA FOUND
- Source citation: Work cat.: (OSt)0: Odoki, B. J. (Ben J.), A guide to criminal procedure in Uganda /, [c1990]
